000 00275nam a22001097a 4500
082 _a920/TRI
100 _aTrivedi,Dr. Tanuja
_981823
245 _aDayanad Saraswati His Life and Ideas
260 _aNew Delhi
_bJnanada Prakashan
_c2019
650 _aBiography
942 _cBK
999 _c65988
_d65988